000 00632nam a2200205Ia 4500
003 GCL
005 20240530105439.0
008 140319s9999 xx 000 0 ara d
040 _aGCL /
_cGCL
082 0 4 _a810.9027
_bع ن
100 1 _aعبدالعزيز شرف
245 1 0 _aالنماذج البشرية فى ادب ثروت اباظة /
_cعبدالعزيز شرف
260 _a[ بيروت ] :
_bدار الجيل ،
_c1992
300 _a271 ص
650 0 4 _aالادب العربى
650 0 4 _aثروت اباظة
650 0 4 _aالشخصية فى الادب
650 0 4 _aتاريخ ونقد
942 _2ddc
_cBK
999 _c56140
_d56140